Doraemon học tập : Bơi lội
Quyển sách Doraemon học tập này không những đưa ra những lời giải thích một chiều, mà các nhân vật trong truyện sẽ hóa thân thành độc giả, giả đố sai, mang nghi vấn về từng vấn đề và đưa ra những lí giải hết sức hồn nhiên......
Đã lưu trong:
| Príomhúdar: | |
|---|---|
| Údair Eile: | , |
| Formáid: | Leabhar |
| Teanga: | Vietnamese |
| Foilsithe: |
H.
Kim đồng
2021
|
| Eagrán: | Tái bản lần thứ 5 |
| Sraith: | Tủ sách học vui
|
| Ábhair: | |
| Clibeanna: |
Cuir Clib Leis
Gan Chlibeanna, Bí ar an gcéad duine leis an taifead seo a chlibeáil!
|
| Thư viện lưu trữ: | Thư viện Trường Đại học Nam Cần Thơ |
|---|
| LEADER | 01221nam a22002417a 4500 | ||
|---|---|---|---|
| 001 | NCT_138285 | ||
| 008 | 220617b xxu||||| |||| 00| 0 vie d | ||
| 999 | |c 7141 |d 7141 | ||
| 020 | |a 9786042214469 |c 40000 | ||
| 082 | 0 | 4 | |2 23rd ed. |a 895.63 |b F949 |
| 100 | 1 | |a Fujio, Fujiko F | |
| 245 | 1 | 0 | |a Doraemon học tập : |b Bơi lội |c Fujiko F Fujio, Tadashi Tsuiki, Yoji Katakura |
| 250 | |a Tái bản lần thứ 5 | ||
| 260 | |a H. |b Kim đồng |c 2021 | ||
| 300 | |a 192 tr. |b Tranh vẽ |c 18cm | ||
| 490 | 0 | |a Tủ sách học vui | |
| 520 | 3 | |a Quyển sách Doraemon học tập này không những đưa ra những lời giải thích một chiều, mà các nhân vật trong truyện sẽ hóa thân thành độc giả, giả đố sai, mang nghi vấn về từng vấn đề và đưa ra những lí giải hết sức hồn nhiên... | |
| 653 | |a Tham khảo | ||
| 700 | 1 | |a Tsuiki, Tadashi | |
| 700 | 1 | |a Katakura, Yoji | |
| 942 | |2 ddc |c BK | ||
| 952 | |0 0 |1 0 |2 ddc |4 0 |6 895_630000000000000_F949 |7 0 |9 25260 |a 000001 |b 000001 |d 2022-06-17 |o 895.63 F949 |p TK.02731 |r 2022-06-17 |v 40000.00 |w 2022-06-17 |y BK | ||
| 980 | |a Thư viện Trường Đại học Nam Cần Thơ | ||


